00529nam a2200157Ia 450000500170000000800410001704100080005808200160006610000230008224500410010526000430014630000090018965000220019899900190022095201320023920250729165729.0250729s2010 xx 000 0 und d aeng a370.75 SAFC aR N Safaya9231599 aCurrent Problems in Indian Education aNewdelhibDanpat Rai Publicationc2010 a368p aEducation9231600 c239362d239362 00104070aALbALd2025-07-29eManagement Booksg150.00l0o370.75 SAFCpBED04681r2025-07-29 16:57:29v150.00w2025-07-29yBK